000 00896nam a2200253Ia 4500
003 IN-BaIIA
008 211028s9999 xx s 000 0 eng d
020 _a2-86883-612-7 (Online)
022 _a1633-4760 (Print)
022 _a1638-1963 (Online)
040 _cIIA Library
100 _aGiard, M., ed.
_938118
245 0 _aInfrared and Submillimeter Space Astronomy: An International Colloquium to Honor the Memory of Guy Serra
_h[eBook]
260 _aFrance
_bEDP Sciences
_c2002
300 _aiv, 419p.
490 _aEAS Publications Series
650 _aInfrared astronomy
_95673
650 _aSubmillimeter astronomy
_92850
700 _aBernard, J. P., ed.
_938119
700 _aKlotz, A., ed.
_938120
700 _aRistorcelli, I., ed.
_938121
856 _uhttps://www.eas-journal.org/articles/eas/abs/2002/03/contents/contents.html
_yClick Here to Access eBook
942 _cEB
999 _c20598
_d20598